[Event "DVM U10 2014"]
[Site "Magdeburg GER"]
[Date "2014.12.29"]
[Round "6"]
[White "Bayer, Melissa"]
[Black "Fahsel, Hannes"]
[Result "1-0"]
[Termination "normal"]
[Board "12.2"]
[WhiteElo "1040"]
[BlackElo "988"]
[WhiteTeam "SK Gründau"]
[BlackTeam "ESV Nickelhütte Aue"]
[PlyCount "95"]
[WhiteFideId "16206916"]
[EventCountry "GER"]
[EventRounds "7"]
[EventType "team-swiss"]
[EventDate "2014.12.27"]

1. e4 e5 2. Nf3 Nc6 3. Nc3 Nf6 4. Bc4 h6 5. d4 Bb4 6. Qd3 Bxc3+ 7. bxc3 O-O 8.
dxe5 Ng4 9. Bf4 Re8 10. Qd5 Qe7 11. h3 Ngxe5 12. Nxe5 Nxe5 13. Bxe5 d6 14. Bg3
Be6 15. Qd4 Bxc4 16. Qxc4 Qxe4+ 17. Qxe4 Rxe4+ 18. Kd2 Rae8 19. Rhe1 R4e6 20.
f3 b5 21. a4 a6 22. axb5 axb5 23. Ra7 c5 24. Ra6 Rxe1 25. Bxe1 Re6 26. Bg3 d5
27. Ra5 Rb6 28. Ra8+ Kh7 29. Rd8 d4 30. cxd4 cxd4 31. Rxd4 b4 32. Bf2 b3 33.
cxb3 Rxb3 34. Rd7 f6 35. Ke2 Rb2+ 36. Kf1 Rb1+ 37. Be1 Kg6 38. g4 Rb3 39. Kg2
Rb2+ 40. Kg3 Re2 41. Bd2 Re5 42. h4 Rb5 43. h5+ Kh7 44. Bc3 Rb6 45. Kf4 Rc6 46.
Bd4 Rc4 47. Kf5 Rc6 48. f4 1-0

[Event "DVM U10 2014"]
[Site "Magdeburg GER"]
[Date "2014.12.29"]
[Round "6"]
[White "Schurig, Tom"]
[Black "Deutsch, Volker"]
[Result "0-1"]
[Termination "normal"]
[Board "12.3"]
[WhiteElo "600"]
[BlackElo "1059"]
[WhiteTeam "ESV Nickelhütte Aue"]
[BlackTeam "SK Gründau"]
[PlyCount "68"]
[BlackFideId "16206886"]
[EventCountry "GER"]
[EventRounds "7"]
[EventType "team-swiss"]
[EventDate "2014.12.27"]

1. e4 e5 2. Nf3 Nc6 3. Bc4 Bc5 4. Ng5 Qxg5 5. O-O Qe7 6. d3 d6 7. Nc3 Be6 8.
Bxe6 Qxe6 9. Nd5 Qd7 10. a3 Nd4 11. c3 Ne6 12. b4 Bb6 13. a4 c6 14. Ne3 a5 15.
Qb3 axb4 16. Qxb4 Ba5 17. Qb3 Nf6 18. Nc4 Nc5 19. Qc2 O-O 20. Nxa5 Rxa5 21. Ba3
Re8 22. Bb4 Raa8 23. Bxc5 dxc5 24. a5 Red8 25. Rfd1 Qe6 26. c4 Nh5 27. g3 Nf6
28. Qb3 Rab8 29. Qb6 Qh3 30. f3 Qh5 31. g4 Qh3 32. Rab1 Qxf3 33. Qxb7 Rxb7 34.
Rxb7 Qxd1+ 0-1

[Event "DVM U10 2014"]
[Site "Magdeburg GER"]
[Date "2014.12.29"]
[Round "6"]
[White "Voß, Torben"]
[Black "ter Stal, Lars"]
[Result "0-1"]
[Termination "normal"]
[Board "13.1"]
[WhiteElo "1025"]
[BlackElo "1186"]
[WhiteTeam "Schachzwerge Magdeburg 2"]
[BlackTeam "SK Nordhorn-Blanke"]
[PlyCount "104"]
[BlackFideId "12965200"]
[EventCountry "GER"]
[EventRounds "7"]
[EventType "team-swiss"]
[EventDate "2014.12.27"]

1. d4 e6 2. e3 Nf6 3. Bd3 b6 4. Nf3 Bb7 5. c3 d6 6. Nbd2 Nbd7 7. O-O e5 8. Re1
e4 9. Nxe4 Nxe4 10. Qc2 Nef6 11. e4 Be7 12. Bf4 h6 13. e5 dxe5 14. dxe5 Nh5 15.
Qd2 Nxf4 16. Qxf4 Bg5 17. Qa4 O-O 18. Qc2 Re8 19. Bh7+ Kh8 20. Bd3 Nc5 21. Bc4
Kg8 22. Qf5 Qd7 23. Qc2 Qg4 24. Be2 Qe4 25. Bd3 Qxd3 26. Qxd3 Nxd3 27. Red1
Nxe5 28. Nd4 Rad8 29. Rf1 Bf6 30. Nb5 Ba6 31. Nxc7 Bxf1 32. Nxe8 Bxg2 33. Nxf6+
gxf6 34. Kxg2 Rd2 35. b3 Nd3 36. Rf1 Rxa2 37. Rd1 Nxf2 38. Rd8+ Kg7 39. Ra8
Ng4+ 40. Kg3 f5 41. h3 Nf6 42. c4 Ra3 43. Kg2 Rxb3 44. Rxa7 Rc3 45. Rb7 Rxc4
46. Rxb6 Rc3 47. Rb4 Kg6 48. Ra4 Ne4 49. Ra6+ Kg5 50. Ra8 Rg3+ 51. Kh2 h5 52.
Rg8+ Kh4 0-1

[Event "DVM U10 2014"]
[Site "Magdeburg GER"]
[Date "2014.12.29"]
[Round "6"]
[White "Rudi, Jonathan"]
[Black "Unger, Matti"]
[Result "1-0"]
[Termination "normal"]
[Board "13.2"]
[WhiteElo "1107"]
[BlackElo "892"]
[WhiteTeam "SK Nordhorn-Blanke"]
[BlackTeam "Schachzwerge Magdeburg 2"]
[PlyCount "125"]
[WhiteFideId "16241827"]
[EventCountry "GER"]
[EventRounds "7"]
[EventType "team-swiss"]
[EventDate "2014.12.27"]

1. e4 e5 2. Nf3 Nc6 3. Bc4 Bc5 4. d3 Nf6 5. Bg5 d6 6. h3 h6 7. Be3 Bxe3 8. fxe3
Be6 9. Bb5 a6 10. Bxc6+ bxc6 11. Nc3 d5 12. exd5 cxd5 13. Nxe5 O-O 14. Qf3 Nd7
15. Nc6 Qf6 16. O-O-O Qxf3 17. Ne7+ Kh8 18. gxf3 Rfe8 19. Nc6 Bf5 20. Rde1 Ne5
21. Nxe5 Rxe5 22. d4 Re6 23. Nxd5 Rc6 24. e4 Be6 25. Nc3 Rb6 26. d5 Bd7 27. h4
c6 28. Na4 Rb7 29. Nc5 Rc7 30. Nxd7 Rxd7 31. dxc6 Rc7 32. Rd1 Rxc6 33. Rd5 Rac8
34. Rh2 Rb8 35. h5 Rcc8 36. f4 Rd8 37. Rxd8+ Rxd8 38. Rd2 Re8 39. Rd4 Kg8 40.
c4 Rc8 41. b3 Kf8 42. Rd7 Ke8 43. Rd5 Rd8 44. Rxd8+ Kxd8 45. Kd2 Kd7 46. Kd3
Kd6 47. b4 Kc6 48. a3 Kb6 49. Kd4 a5 50. Kd5 axb4 51. axb4 Kc7 52. Ke5 Kd7 53.
Kd5 Kd8 54. c5 Kd7 55. b5 Kc7 56. f5 Kd7 57. e5 f6 58. c6+ Kd8 59. exf6 gxf6
60. Ke6 Ke8 61. Kxf6 Kf8 62. c7 Ke8 63. c8=Q# 1-0

[Event "DVM U10 2014"]
[Site "Magdeburg GER"]
[Date "2014.12.29"]
[Round "6"]
[White "Joppich, Til"]
[Black "Meijerink, Inken"]
[Result "0-1"]
[Termination "normal"]
[Board "13.3"]
[WhiteElo "902"]
[BlackElo "924"]
[WhiteTeam "Schachzwerge Magdeburg 2"]
[BlackTeam "SK Nordhorn-Blanke"]
[PlyCount "84"]
[WhiteFideId "16232917"]
[BlackFideId "16225465"]
[EventCountry "GER"]
[EventRounds "7"]
[EventType "team-swiss"]
[EventDate "2014.12.27"]

1. e4 e5 2. Nf3 Nc6 3. Bc4 Bc5 4. Nc3 Nf6 5. d3 d6 6. Bg5 Bg4 7. h3 Be6 8. Qd2
Qe7 9. O-O-O O-O-O 10. Be3 Kb8 11. Bd5 Nb4 12. Bb3 d5 13. Bxc5 Qxc5 14. Nxe5 d4
15. Nd5 Nbxd5 16. exd5 Nxd5 17. Rhe1 f6 18. Nf3 Bf7 19. Re2 Rhe8 20. Rde1 a5
21. Re4 Qb5 22. Rxd4 a4 23. Bxa4 Qb6 24. Bb3 Qb5 25. c4 Qc5 26. Kb1 Nb6 27.
Rxd8+ Rxd8 28. Rc1 Bg6 29. Ka1 Rxd3 30. Qe2 Rd8 31. g4 Re8 32. Qd2 Bf7 33. Nd4
Nxc4 34. Bxc4 Bxc4 35. Nb3 Qb5 36. Nd4 Qa6 37. b3 Bd5 38. Qc3 c6 39. f4 Re4 40.
f5 Rf4 41. Qb4 Rf2 42. Ne6 Qxa2# 0-1

[Event "DVM U10 2014"]
[Site "Magdeburg GER"]
[Date "2014.12.29"]
[Round "6"]
[White "Wolterink, Insa"]
[Black "Telesh, Volodymyr"]
[Result "1-0"]
[Termination "normal"]
[Board "13.4"]
[WhiteElo "865"]
[BlackElo "777"]
[WhiteTeam "SK Nordhorn-Blanke"]
[BlackTeam "Schachzwerge Magdeburg 2"]
[PlyCount "73"]
[WhiteFideId "16235266"]
[EventCountry "GER"]
[EventRounds "7"]
[EventType "team-swiss"]
[EventDate "2014.12.27"]

1. e4 e5 2. Nf3 Nc6 3. Nc3 Nf6 4. Bb5 Bc5 5. d3 d6 6. Bg5 Bg4 7. O-O O-O 8. Nd5
Na5 9. Nxf6+ gxf6 10. Bh6 Re8 11. Bxe8 Qxe8 12. h3 Be6 13. a3 Nc6 14. b4 Bb6
15. Nd2 f5 16. Nc4 Bd4 17. Rb1 Ne7 18. exf5 Bxf5 19. Qh5 b5 20. Nd2 Bg6 21. Qg4
Nf5 22. Qg5 Nxh6 23. Qxh6 d5 24. Rfe1 Bc3 25. Rbd1 Rd8 26. Re3 Bd4 27. Rg3 Rd6
28. Rg4 Bc3 29. h4 Kh8 30. h5 e4 31. hxg6 fxg6 32. Rh4 Rd7 33. Nb1 Bf6 34. Rh3
Qg8 35. Re1 Bg7 36. Qh4 Qd8 37. Qxh7# 1-0

[Event "DVM U10 2014"]
[Site "Magdeburg GER"]
[Date "2014.12.29"]
[Round "6"]
[White "Buschmann, Tim"]
[Black "Kruse, Kilian"]
[Result "1/2-1/2"]
[Termination "normal"]
[Board "14.1"]
[WhiteElo "1115"]
[BlackElo "1167"]
[WhiteTeam "Sfr. Nord-Ost Berlin"]
[BlackTeam "SC Borussia 1920 Friedrichsfelde"]
[PlyCount "137"]
[WhiteFideId "16257669"]
[BlackFideId "16205413"]
[EventCountry "GER"]
[EventRounds "7"]
[EventType "team-swiss"]
[EventDate "2014.12.27"]

1. e4 c5 2. Nf3 d6 3. d4 cxd4 4. Nxd4 e5 5. Nf3 Nf6 6. Nc3 g6 7. Be3 Be6 8. Be2
Bg7 9. O-O a6 10. Re1 O-O 11. Bd2 Nbd7 12. Ng5 Nc5 13. Nxe6 fxe6 14. Bd3 Nxd3
15. cxd3 Rc8 16. Bg5 Qb6 17. Qd2 Ng4 18. Be3 Nxe3 19. fxe3 Bh6 20. Kh1 Rf7 21.
Rab1 Rcf8 22. h3 Rf2 23. Qc1 Qd8 24. Nd1 Rf1+ 25. Rxf1 Rxf1+ 26. Kh2 d5 27.
exd5 exd5 28. Qc2 e4 29. dxe4 dxe4 30. Qc4+ Kg7 31. Qxf1 Qd6+ 32. Kh1 b5 33.
Qe1 b4 34. Nf2 a5 35. Nxe4 Qd3 36. Nf2 Qc4 37. a3 bxa3 38. Qc3+ Qxc3 39. bxc3
Bxe3 40. Nd3 Bd2 41. Rb3 a2 42. Ra3 Bxc3 43. Rxa2 Kf7 44. Kg1 Ke6 45. Kf2 Kd5
46. Ke3 Kc4 47. Rc2 Kb3 48. Rf2 a4 49. Nc5+ Kc4 50. Nxa4 Bd4+ 51. Ke2 Bxf2 52.
Kxf2 Kd5 53. Nb6+ Ke5 54. Ke3 h6 55. Nd7+ Kf5 56. Kf3 h5 57. g4+ hxg4+ 58.
hxg4+ Ke6 59. Nf8+ Kf7 60. Nxg6 Kxg6 61. Kf4 Kf6 62. g5+ Kg6 63. Kg4 Kg7 64.
Kf5 Kf7 65. Ke4 Kg6 66. Kf4 Kg7 67. Kf5 Kf7 68. g6+ Kg7 69. Kg5 1/2-1/2

[Event "DVM U10 2014"]
[Site "Magdeburg GER"]
[Date "2014.12.29"]
[Round "6"]
[White "Kraft, Adrian"]
[Black "Beck, Felix"]
[Result "1-0"]
[Termination "normal"]
[Board "14.2"]
[WhiteElo "963"]
[BlackElo "995"]
[WhiteTeam "SC Borussia 1920 Friedrichsfelde"]
[BlackTeam "Sfr. Nord-Ost Berlin"]
[PlyCount "65"]
[WhiteFideId "16235010"]
[BlackFideId "16255364"]
[EventCountry "GER"]
[EventRounds "7"]
[EventType "team-swiss"]
[EventDate "2014.12.27"]

1. e4 e5 2. Nf3 Nc6 3. Bc4 Be7 4. O-O Nf6 5. Nc3 d6 6. d3 Bg4 7. Be3 O-O 8. Bd5
Qd7 9. a3 Rfe8 10. b4 a6 11. a4 Nxd5 12. Nxd5 b5 13. a5 Rad8 14. c3 Be6 15. Rc1
Rc8 16. Re1 Nb8 17. Rc2 Bxd5 18. exd5 c5 19. dxc6 Nxc6 20. Bb6 Bd8 21. Bxd8
Rcxd8 22. Rc1 Re7 23. Rc2 Rde8 24. Rce2 d5 25. Nd2 Qf5 26. Re3 e4 27. Qc2 exd3
28. Rxe7 Nxe7 29. Qd1 h6 30. h3 Qd7 31. Re3 Nf5 32. Rxd3 Qe6 33. Nf3 1-0

[Event "DVM U10 2014"]
[Site "Magdeburg GER"]
[Date "2014.12.29"]
[Round "6"]
[White "Klühs, Isabel"]
[Black "Müller, Stefan"]
[Result "1-0"]
[Termination "normal"]
[Board "14.3"]
[WhiteElo "763"]
[BlackElo "735"]
[WhiteTeam "Sfr. Nord-Ost Berlin"]
[BlackTeam "SC Borussia 1920 Friedrichsfelde"]
[PlyCount "119"]
[WhiteFideId "16228944"]
[EventCountry "GER"]
[EventRounds "7"]
[EventType "team-swiss"]
[EventDate "2014.12.27"]

1. d4 c6 2. e3 d5 3. Nf3 Bg4 4. Bd3 Nf6 5. Nbd2 e6 6. O-O Bd6 7. h3 Bh5 8. e4
dxe4 9. Nxe4 O-O 10. Bd2 e5 11. Nxf6+ Qxf6 12. Bxh7+ Kxh7 13. Ng5+ Qxg5 14.
Bxg5 Bxd1 15. Raxd1 f6 16. dxe5 Bxe5 17. Be3 Bxb2 18. Bc5 Re8 19. Rfe1 Rxe1+
20. Rxe1 Nd7 21. Bb4 Be5 22. Rd1 Rd8 23. Be7 Re8 24. Rxd7 Rb8 25. Bd6 Bxd6 26.
Rxd6 a5 27. Kf1 Rc8 28. Ke2 Kg6 29. g4 b5 30. Kd3 a4 31. c4 bxc4+ 32. Kxc4 c5
33. Rd5 a3 34. Rxc5 Rxc5+ 35. Kxc5 Kg5 36. Kb4 Kh4 37. Kxa3 Kxh3 38. f3 Kg3 39.
Kb3 Kxf3 40. a4 Kxg4 41. a5 g5 42. a6 Kh5 43. a7 f5 44. a8=Q g4 45. Qg8 f4 46.
Kc3 Kh4 47. Kd3 Kg3 48. Ke2 f3+ 49. Kf1 f2 50. Qb8+ Kf3 51. Qf8+ Kg3 52. Qxf2+
Kh3 53. Qg1 Kh4 54. Kf2 Kg5 55. Ke3 Kf5 56. Kd4 Kf4 57. Qf1+ Kg5 58. Ke5 Kh4
59. Kf4 g3 60. Qh1# 1-0

[Event "DVM U10 2014"]
[Site "Magdeburg GER"]
[Date "2014.12.29"]
[Round "6"]
[White "Thiel, Christoph"]
[Black "Klühs, Gustaf"]
[Result "0-1"]
[Termination "normal"]
[Board "14.4"]
[WhiteElo "600"]
[BlackElo "918"]
[WhiteTeam "SC Borussia 1920 Friedrichsfelde"]
[BlackTeam "Sfr. Nord-Ost Berlin"]
[PlyCount "52"]
[BlackFideId "16228936"]
[EventCountry "GER"]
[EventRounds "7"]
[EventType "team-swiss"]
[EventDate "2014.12.27"]

1. e4 b6 2. d4 Bb7 3. Nf3 Bxe4 4. Bb5 a6 5. Bd3 Bb7 6. O-O e6 7. Bg5 Nf6 8. Bc1
d5 9. Nbd2 Nbd7 10. Ne1 c5 11. c3 Bd6 12. a4 O-O 13. Nb1 e5 14. Qg4 Nxg4 15. h3
Ngf6 16. Nf3 e4 17. Be2 exf3 18. Bxf3 cxd4 19. cxd4 Ne4 20. Nd2 Ng5 21. Bh5 Nf6
22. Kh1 Nxh5 23. Nb1 f5 24. h4 Ne4 25. Nd2 Qxh4+ 26. Kg1 Qh2# 0-1

[Event "DVM U10 2014"]
[Site "Magdeburg GER"]
[Date "2014.12.29"]
[Round "6"]
[White "Liebeskind, Pascal"]
[Black "Kahlsdorf, Fabian"]
[Result "0-1"]
[Termination "normal"]
[Board "15.1"]
[WhiteElo "1095"]
[BlackElo "1055"]
[WhiteTeam "TSG Apolda"]
[BlackTeam "Braunschweiger SF"]
[PlyCount "80"]
[WhiteFideId "16212380"]
[BlackFideId "16201140"]
[EventCountry "GER"]
[EventRounds "7"]
[EventType "team-swiss"]
[EventDate "2014.12.27"]

1. d4 d5 2. Nf3 Nf6 3. e3 e6 4. c4 Nc6 5. Nc3 Be7 6. Bd3 dxc4 7. Bxc4 O-O 8.
O-O b6 9. b3 Bb7 10. Bb2 a6 11. Qc2 Qd6 12. Rad1 Nb4 13. Qe2 Ng4 14. e4 Qf4 15.
h3 Nf6 16. d5 b5 17. Bd3 Nxd3 18. Rxd3 Rfe8 19. dxe6 fxe6 20. Re1 c5 21. e5 Nd5
22. Bc1 Qb4 23. Bd2 Nf4 24. Bxf4 Qxf4 25. Rd7 Bxf3 26. Qxf3 Qxf3 27. gxf3 Rad8
28. Rxd8 Rxd8 29. Kg2 Bg5 30. Ne4 Be7 31. Rc1 Rc8 32. b4 c4 33. a3 Kf7 34. h4
Kg6 35. Kg3 Kf5 36. Re1 Rd8 37. Re3 Rd3 38. Rxd3 cxd3 39. Nd2 Kxe5 40. Nb1 h5
0-1

[Event "DVM U10 2014"]
[Site "Magdeburg GER"]
[Date "2014.12.29"]
[Round "6"]
[White "Kahlsdorf, Hendrik"]
[Black "Henzgen, Nick"]
[Result "0-1"]
[Termination "normal"]
[Board "15.2"]
[WhiteElo "1051"]
[BlackElo "1161"]
[WhiteTeam "Braunschweiger SF"]
[BlackTeam "TSG Apolda"]
[PlyCount "81"]
[WhiteFideId "16201159"]
[BlackFideId "16212347"]
[EventCountry "GER"]
[EventRounds "7"]
[EventType "team-swiss"]
[EventDate "2014.12.27"]

1. e4 e5 2. Nf3 Nc6 3. d4 d6 4. d5 Nce7 5. Nc3 Nf6 6. Bg5 Ng6 7. Be2 Be7 8. O-O
O-O 9. Qd2 Re8 10. Rfe1 Bd7 11. Rad1 c6 12. Nh4 Nxh4 13. Bxh4 cxd5 14. exd5 Bf5
15. Bxf6 Bxf6 16. Bb5 Rf8 17. Qe3 Bg5 18. Qf3 Bxc2 19. Ra1 Bg6 20. b3 a6 21.
Bd3 f5 22. Qe2 Qe8 23. f3 Bh5 24. Qc2 Bg6 25. Re2 Rc8 26. Qb2 Bf6 27. Rc1 Bh5
28. Ra1 Qd8 29. Nd1 Qb6+ 30. Kh1 Qc5 31. Rc2 Qxd5 32. Bc4 Rxc4 33. Rxc4 Qa5 34.
Nc3 Bf7 35. Ra4 Qd8 36. Rd1 Be6 37. Qe2 f4 38. g3 -- 39. Nd5 Bxd5 40. Rxd5 Qb6
41. Rd1 {nicht mehr nachvollziebar [Dh5]} 0-1

[Event "DVM U10 2014"]
[Site "Magdeburg GER"]
[Date "2014.12.29"]
[Round "6"]
[White "Burkhardt, Jonas"]
[Black "Schauder, Finn-Leon"]
[Result "0-1"]
[Termination "normal"]
[Board "15.3"]
[WhiteElo "600"]
[BlackElo "1011"]
[WhiteTeam "TSG Apolda"]
[BlackTeam "Braunschweiger SF"]
[PlyCount "32"]
[EventCountry "GER"]
[EventRounds "7"]
[EventType "team-swiss"]
[EventDate "2014.12.27"]

1. e4 e5 2. Nf3 Nc6 3. Bc4 Bc5 4. O-O d6 5. d3 Bg4 6. h3 Bh5 7. Nc3 Nd4 8. Na4
Nxf3+ 9. gxf3 Qd7 10. Nxc5 dxc5 11. c3 Qxh3 12. Qa4+ c6 13. Qb3 Nf6 14. Bd2 O-O
15. d4 Bxf3 16. Rfe1 Qg2# 0-1

[Event "DVM U10 2014"]
[Site "Magdeburg GER"]
[Date "2014.12.29"]
[Round "6"]
[White "Scheer, Simon"]
[Black "Weichold, Nelly"]
[Result "1-0"]
[Termination "normal"]
[Board "15.4"]
[WhiteElo "940"]
[BlackElo "600"]
[WhiteTeam "Braunschweiger SF"]
[BlackTeam "TSG Apolda"]
[PlyCount "89"]
[EventCountry "GER"]
[EventRounds "7"]
[EventType "team-swiss"]
[EventDate "2014.12.27"]

1. d4 d5 2. Nc3 e6 3. Nf3 Nd7 4. Ne5 Nxe5 5. dxe5 g6 6. Bf4 f6 7. Qd4 b6 8. e3
Bc5 9. Qd3 Bb7 10. O-O-O Qc8 11. Qd2 Ne7 12. exf6 Nf5 13. Bb5+ c6 14. Bd3 Qd7
15. Be5 Nh6 16. f7+ Nxf7 17. Bxh8 Nxh8 18. e4 O-O-O 19. exd5 exd5 20. Qf4 Rf8
21. Qg3 Rxf2 22. h4 Rf8 23. h5 Bd6 24. Qe1 gxh5 25. Rf1 Rg8 26. Qe2 Ng6 27. Bf5
Re8 28. Bxd7+ Kxd7 29. Qxh5 Ba6 30. Qxh7+ Be7 31. Qxg6 Bxf1 32. Rxf1 d4 33.
Qf5+ Kd8 34. Ne4 Bf8 35. Nf6 Re7 36. Kd2 Bg7 37. Re1 Bh6+ 38. Kd1 Rg7 39. Re8+
Kc7 40. Qc8+ Kd6 41. Qe6+ Kc5 42. Ne4+ Kb5 43. c4+ Ka5 44. Qxc6 Rxg2 45. Qb5#
1-0

[Event "DVM U10 2014"]
[Site "Magdeburg GER"]
[Date "2014.12.29"]
[Round "6"]
[White "Wöstmann, Benjamin"]
[Black "Shevchenko, Alyona"]
[Result "1-0"]
[Termination "normal"]
[Board "16.1"]
[WhiteElo "600"]
[BlackElo "1019"]
[WhiteTeam "Hamburger SK 2"]
[BlackTeam "Karlsruher SF 1853"]
[PlyCount "71"]
[BlackFideId "12983420"]
[EventCountry "GER"]
[EventRounds "7"]
[EventType "team-swiss"]
[EventDate "2014.12.27"]

1. e4 e5 2. Nf3 Nc6 3. Bc4 Bc5 4. Nc3 Nf6 5. d3 h6 6. O-O O-O 7. Be3 Bxe3 8.
fxe3 Ne7 9. Nxe5 d6 10. Nf3 c6 11. h3 d5 12. exd5 cxd5 13. Bb3 Nc6 14. d4 Qe7
15. Re1 Be6 16. Ne5 Nxe5 17. dxe5 Ne4 18. Nxd5 Bxd5 19. Bxd5 Qxe5 20. Bxb7 Rab8
21. Bxe4 Qxe4 22. b3 Rbc8 23. c4 Rc6 24. Qd4 Qc2 25. Rf1 Rg6 26. Rf2 Rxg2+ 27.
Rxg2 Qf5 28. Rc1 Qxh3 29. c5 f6 30. c6 Rc8 31. Qxa7 Qxg2+ 32. Kxg2 Rf8 33. c7
Kh7 34. Rd1 Rc8 35. Rd8 Rxd8 36. cxd8=Q 1-0

[Event "DVM U10 2014"]
[Site "Magdeburg GER"]
[Date "2014.12.29"]
[Round "6"]
[White "Kiefhaber, Julius"]
[Black "Grabbel, Torben Frederik"]
[Result "0-1"]
[Termination "normal"]
[Board "16.2"]
[WhiteElo "930"]
[BlackElo "600"]
[WhiteTeam "Karlsruher SF 1853"]
[BlackTeam "Hamburger SK 2"]
[PlyCount "30"]
[WhiteFideId "16245121"]
[BlackFideId "16219180"]
[EventCountry "GER"]
[EventRounds "7"]
[EventType "team-swiss"]
[EventDate "2014.12.27"]

1. e4 e5 2. Nf3 Nc6 3. Bc4 Nf6 4. Ng5 d5 5. exd5 Na5 6. d6 Be6 7. dxc7 Qxc7 8.
Nxe6 fxe6 9. d3 b5 10. Bb3 Nxb3 11. cxb3 Bc5 12. Qc2 O-O 13. O-O Ng4 14. b4 e4
15. Qxc5 Qxh2# 0-1

[Event "DVM U10 2014"]
[Site "Magdeburg GER"]
[Date "2014.12.29"]
[Round "6"]
[White "Müller, Linus"]
[Black "Holubek, Oliver"]
[Result "1-0"]
[Termination "normal"]
[Board "16.3"]
[WhiteElo "600"]
[BlackElo "989"]
[WhiteTeam "Hamburger SK 2"]
[BlackTeam "Karlsruher SF 1853"]
[PlyCount "20"]
[WhiteFideId "16245946"]
[EventCountry "GER"]
[EventRounds "7"]
[EventType "team-swiss"]
[EventDate "2014.12.27"]

1. e4 e5 2. Nf3 Nc6 3. Bc4 Bc5 4. Nc3 Nf6 5. O-O Nxe4 6. Nxe4 d5 7. Nxc5 dxc4
8. d3 cxd3 9. cxd3 h6 10. Nb3 {nicht mehrnachvollziehbar} Nd4 1-0

[Event "DVM U10 2014"]
[Site "Magdeburg GER"]
[Date "2014.12.29"]
[Round "6"]
[White "Högner, Tom"]
[Black "Block, Timo"]
[Result "1-0"]
[Termination "normal"]
[Board "17.1"]
[WhiteElo "1072"]
[BlackElo "1065"]
[WhiteTeam "SC Erlangen 48/88"]
[BlackTeam "SF Bremer Osten"]
[PlyCount "97"]
[WhiteFideId "12995436"]
[BlackFideId "16201116"]
[EventCountry "GER"]
[EventRounds "7"]
[EventType "team-swiss"]
[EventDate "2014.12.27"]

1. e4 e6 2. d4 d5 3. exd5 exd5 4. Nc3 Nf6 5. Nf3 Be7 6. Bf4 O-O 7. Nb5 a6 8.
Nc3 Bg4 9. Be2 Re8 10. h3 Bh5 11. g4 Bg6 12. Qd2 Nc6 13. O-O-O Be4 14. g5 Bxf3
15. Bxf3 Nd7 16. h4 b5 17. Bxd5 b4 18. Bxc6 bxc3 19. Qxc3 Rb8 20. Be4 Bb4 21.
Qc6 Rb6 22. Qxc7 Qxc7 23. Bxc7 Rbe6 24. Bf5 R6e7 25. Bxd7 Rxd7 26. Be5 Re6 27.
h5 f6 28. gxf6 gxf6 29. Rdg1+ Kf7 30. Bf4 Bd6 31. Bxd6 Rdxd6 32. c3 Re2 33. Rg2
Rc6 34. h6 Re7 35. Rg7+ Ke8 36. Rhg1 Rcc7 37. Kd2 Kf8 38. Rg8+ Kf7 39. R8g7+
Ke6 40. Rxe7+ Rxe7 41. c4 f5 42. Re1+ Kf6 43. Rxe7 Kxe7 44. Ke3 Ke6 45. Kf4 a5
46. b3 Kf6 47. d5 Ke7 48. Kxf5 Ke8 49. Kf6 1-0

[Event "DVM U10 2014"]
[Site "Magdeburg GER"]
[Date "2014.12.29"]
[Round "6"]
[White "Pfluger, Jan"]
[Black "Hetzner, Hannes"]
[Result "0-1"]
[Termination "normal"]
[Board "17.2"]
[WhiteElo "966"]
[BlackElo "969"]
[WhiteTeam "SF Bremer Osten"]
[BlackTeam "SC Erlangen 48/88"]
[PlyCount "164"]
[WhiteFideId "16218299"]
[BlackFideId "16211936"]
[EventCountry "GER"]
[EventRounds "7"]
[EventType "team-swiss"]
[EventDate "2014.12.27"]

1. e4 e6 2. d4 d5 3. exd5 exd5 4. Nf3 c5 5. dxc5 Bxc5 6. Be3 Bxe3 7. fxe3 Nf6
8. Nc3 O-O 9. Bd3 Nc6 10. O-O Re8 11. Re1 Bg4 12. h3 Bxf3 13. Qxf3 d4 14. exd4
Qxd4+ 15. Kh2 Nb4 16. Nb5 Qxb2 17. Reb1 Qe5+ 18. Kh1 Nxd3 19. cxd3 Qe2 20. Qxe2
Rxe2 21. Rc1 Re3 22. Rc3 a6 23. Nd4 Rd8 24. Nf5 Rexd3 25. Rac1 h6 26. Rc7 Rd1+
27. Rxd1 Rxd1+ 28. Kh2 Rd7 29. Rc5 Kh7 30. Ne3 Rd3 31. Re5 Nd7 32. Re7 Nc5 33.
Nf5 Kg6 34. Nh4+ Kf6 35. Rc7 Rc3 36. Nf3 b5 37. Rc6+ Ke7 38. Rc7+ Ke8 39. Ne5
f6 40. Nc6 Ra3 41. h4 Kf8 42. h5 Rxa2 43. Nb4 Ra1 44. Rxc5 a5 45. Nc2 Rb1 46.
Kg3 a4 47. Rc8+ Ke7 48. Rb8 Rb2 49. Nd4 a3 50. Nxb5 a2 51. Rb7+ Kf8 52. Rb8+
Ke7 53. Rb7+ Kd8 54. Rb8+ Kd7 55. Ra8 Rxb5 56. Rxa2 Rxh5 57. Kf4 Ke6 58. Ra6+
Kf7 59. g4 Rh4 60. Kf5 g6+ 61. Kf4 f5 62. Ra7+ Kf6 63. Ra6+ Kf7 64. Ra7+ Ke8
65. Ke5 Rxg4 66. Ke6 Re4+ 67. Kf6 f4 68. Ra8+ Kd7 69. Ra7+ Kd6 70. Ra6+ Kd5 71.
Ra5+ Kd4 72. Ra4+ Ke3 73. Ra3+ Kf2 74. Ra2+ Kg3 75. Ra3+ Kg4 76. Kxg6 f3 77.
Kxh6 f2 78. Ra1 Rf4 79. Rh1 f1=Q 80. Rxf1 Rxf1 81. Kg6 Rf5 82. Kh6 Rg5 0-1

[Event "DVM U10 2014"]
[Site "Magdeburg GER"]
[Date "2014.12.29"]
[Round "6"]
[White "Hetzner, Michael"]
[Black "Pass, Maurice"]
[Result "1-0"]
[Termination "normal"]
[Board "17.3"]
[WhiteElo "905"]
[BlackElo "600"]
[WhiteTeam "SC Erlangen 48/88"]
[BlackTeam "SF Bremer Osten"]
[PlyCount "61"]
[EventCountry "GER"]
[EventRounds "7"]
[EventType "team-swiss"]
[EventDate "2014.12.27"]

1. e4 e5 2. f4 Bc5 3. Nf3 f6 4. fxe5 fxe5 5. Nxe5 Nf6 6. d4 Bb4+ 7. c3 Bd6 8.
Bd3 Bxe5 9. dxe5 Ng8 10. O-O d6 11. exd6 cxd6 12. Re1 Qh4 13. e5 dxe5 14. Rxe5+
Kd8 15. Bb5+ Bd7 16. Bg5+ Qxg5 17. Rxg5 Kc8 18. Bxd7+ Nxd7 19. Qg4 Ngf6 20.
Qc4+ Kd8 21. Rxg7 Rg8 22. Rxg8+ Nxg8 23. Qxg8+ Kc7 24. Qxa8 b6 25. Qxa7+ Kc6
26. Na3 h5 27. Rd1 Nc5 28. b4 Ne4 29. b5+ Kc5 30. Qe7+ Nd6 31. Qxd6# 1-0

[Event "DVM U10 2014"]
[Site "Magdeburg GER"]
[Date "2014.12.29"]
[Round "6"]
[White "Bakiyev, Diyar"]
[Black "Grüninger, Nils"]
[Result "0-1"]
[Termination "normal"]
[Board "17.4"]
[WhiteElo "795"]
[BlackElo "848"]
[WhiteTeam "SF Bremer Osten"]
[BlackTeam "SC Erlangen 48/88"]
[PlyCount "42"]
[WhiteFideId "16230531"]
[BlackFideId "12942995"]
[EventCountry "GER"]
[EventRounds "7"]
[EventType "team-swiss"]
[EventDate "2014.12.27"]

1. e4 e5 2. Nf3 Nc6 3. Bc4 Nf6 4. Nc3 Bc5 5. d3 O-O 6. Bg5 d6 7. O-O Bg4 8. Nd5
Nd4 9. Nxf6+ gxf6 10. Bh6 Re8 11. Qd2 Bxf3 12. gxf3 Nxf3+ 13. Kg2 Nxd2 14. Rfe1
Nxc4 15. dxc4 Re6 16. b4 f5 17. Bd2 Rg6+ 18. Kf1 Bb6 19. exf5 Qh4 20. Re2 Qxh2
21. fxg6 Qh1# 0-1